01419nam a2200265 a 4500001001000000005001700010008004100027041000800068044000700076084002000083100004500103245005000148260003400198300001900232500021700251500007000468500031900538500001000857650005200867650005600919650003400975650004501009700004901054740005001103BRCA_251020190320203838.0251108s1860----fr-#---###---#000-0#spa-u aspa afr a147b.H56c18601 aCervantes Saavedra, Miguel ded1547-161610aEl Ingenioso Hidalgo Don Quijote de la Mancha aParísbCarlos Hingrayc1860 a695 p.c18 cm. aContenido : Primera parte. Advertencia del editor. Breve vida de Cervantes. Dedicatoria del autor. Prólogo del autor. Versos preliminares. Texto. Segunda parte. Dedicatoria del autor. Prólogo del autor. Texto aEdición : Nueva edición corregida y anotada por Eugenio Ochoa aEsta edición tiene por modelo la de París de 1844 del mismo editor y sigue, en cuanto al texto, la de Madrid de 1833-39, anotada por Clemencín. Va precedida de una breve biografía de Cervantes. Impresión buena, pero de tipos algo pequeños. Semipiel; lomera decorada con filetes dorados Lúdovik Osterc aQM13114aNovela españolayÉpoca clásica, 1500-170014aLiteratura españolayÉpoca clásica, 1500-170014aNovela españolaySiglo XVII14aDon Quijote (Personaje ficticio)eNovela1 aOchoa y Montel, Eugeniod1815-1872eAnotador0 aEl Ingenioso Hidalgo Don Quijote de la Mancha